000
00235nam a22000977a 4500
082
_a
823.912
_b
ORW
100
_a
Orwell, George
245
_a
Nineteen Eighty Four /
_c
George Orwell
300
_a
274 p. ;
_c
23 cm.
942
_2
ddc
_c
BK
999
_c
591695
_d
591695